• 首页
  • 本馆介绍
  • 公告通知
  • 最新文献
  • 馆藏检索
  • 电子资源
  • 读者导购
  • 参考咨询
  • 我的图书馆
  • 登录
  • 详细信息显示
  • 放入我的书架
  • 预约/预借图书
  • 作者相关作品
  • 分类相关作品
  • 丛书相关作品
  • 出版社相关作品

书目信息

  • 表格格式
  • 工作单格式
  • 卡片格式
书名: Idiom drills for students of English as a second language
作者: George P. McCallum.
分册号:
分册名:
出版地: New York :
 
出版社: Harper & Row
出版时间: c1983.
页数: xvi, 160 p. ;
开本: 20 cm.
丛书名:
中图分类号:
科图分类号:
其他分类号: H313.3-44
主题词:
电子资源:
000 00852cam 2200277 a 45x0
001 E0738288385
003 OCoLC
005 20070226104259.70
008 030409s1983 nyu 001 0 eng
010    @a 82011897 //r912
020    @a0060443227.
040    @aDLC@cDLC
050 10 @aPE1128.A2@bM38 1983
082 00 @a428.3/4 @2 19
090    @aJ683.7/W33
090    @aH313.3-44
099    @dH313.3-44@ex7
100 1  @aMcCallum, George P.
245 10 @aIdiom drills for students of English as a second language / @cGeorge P. McCallum.
250    @a2nd ed.
260    @aNew York :@bHarper & Row,@cc1983.
300    @axvi, 160 p. ;@c20 cm.
500    @aIncludes index.
650  0 @aEnglish language@xTextbooks for foreign speakers.
650  0 @aEnglish language@xIdioms@xProblems, exercises, etc.
920    @a232010@z2
    
    Idiom drills for students of English as a second language / / George P. McCallum.-2nd ed.-New York : : Harper & Row, , c1983.
    xvi, 160 p. ; ; 20 cm.
    Includes index.
    
    ISBN 0060443227.
    
●
相关链接 在E读中查询图书 在五车中查询图书 在当当中查询图书 在豆瓣中查询图书


正题名:Idiom drills for students of English as a second language     索取号:H313.3-44/x7         预约/预借

序号 登录号 条形码 馆藏地/架位号 状态 备注
1 180630   001298964   第二样本阅览室/ [索取号:H313.3-44/x7] 在馆    
2 180631   001298937   第四借阅区/ [索取号:H313.3-44/x7] 在馆    
3 180632   001298928   第四借阅区/ [索取号:H313.3-44/x7] 在馆    
4 180633   001298946   第四借阅区/ [索取号:H313.3-44/x7] 在馆    
5 180634   001298955   第四借阅区/ [索取号:H313.3-44/x7] 在馆    
唐山师范学院图书馆 欢迎您!
大连网信软件有限公司© 版权所有